| 000 | 00404nam a2200145Ia 4500 | ||
|---|---|---|---|
| 008 | 211109s9999||||xx |||||||||||||| ||und|| | ||
| 082 |
_a428 _bGRE-W |
||
| 100 | _aGrenough, James Bradstreet | ||
| 245 | 0 | _aWords And Their Ways In English Speeh | |
| 260 |
_bMACMILLAN INDIA LIMITED _aDELHI _c1920 |
||
| 300 | _a430p. | ||
| 630 | _xGeneral Stack | ||
| 650 |
_aStandard English usage _xEnglish |
||
| 942 | _cBOOK | ||
| 999 |
_c3499 _d3499 |
||